00466nam a2200157Ia 450000500170000000800410001708200130005810000140007124500210008526000460010630000130015265000230016594200060018895200990019499900150029320250317152641.0240331s9999 xx 000 0 und d bJOSa894 aJoseph, R 0aErniyum thoniyum aKandybMakkal Kalai Ilakiya Ondriamc1996 a60 p .,  aUruvakak kadhaikal cL 001040708LaWERCLbWERCLcSSCd2024-03-31l0o 894.811 JOSp1862r2024-03-31w2024-03-31yL c4016d4016